000 00652nam a2200181 4500
001 138315
003 ES-MaACL
005 20230906195537.0
007 t|
008 070214s1973 sp r ||||1| spa d
100 1 _aSanchís Marco, Francisco.
_9103016
245 1 0 _aPerspectivas para el desarrollo ganadero de la zona de Sagunto y su área de influencia /
_cFrancisco Sanchís Marco, Salvador Vilalta Mor.
260 _aSagunto :
_bCaja de Ahorros y Socorros,
_c1973.
300 _a225 p. :
_bil. ;
_c32 cm.
505 8 _aCaja de Ahorros y Socorros de Sagunto
700 1 _aVilalta Mor, Salvador.
_9114769
852 _aES-MaACL
_jC-55868
_bR.88403
999 _c138315
_d138315